Začať treba ihneď O Národnom programe podpory zdravia

Podrobná bibliografia
Hlavní autori: Beniaková, Janka (Autor), Sedláčková, Magdaléna (Autor)
Médium: Článok
Jazyk:slovenčina
Predmet:

MARC

LEADER 00000nab a2200000 a 4500
001 vtls000483181
003 SK-MaSNL
005 20260303191219.0
008 220423c1993 xo 0 slo
015 |a SNBRB19rr/mm-uuuuu 
035 |a CL0483316 
040 |a SNKBUCL  |b slo  |c SNKBUCL  |e AACR2 
041 0 |a slo 
044 |a xo  |c SK 
080 |a 614.2(437.6):613  |2 1981 
080 |a 613  |2 1981 
100 1 |a Beniaková, Janka  |4 aut  |9 278390 
245 1 0 |a Začať treba ihneď  |b O Národnom programe podpory zdravia  |c Janka Beniaková, Magdaléna Sedláčková 
610 2 7 |a Národný program podpory zdravia  |2 snkbucl  |9 1112518 
610 2 7 |a Ústav zdravotnej výchovy (Bratislava, Slovensko)  |2 snkbucl  |9 160260 
655 7 |a články z novín a časopisov  |2 snkbucl  |9 267496 
700 1 |a Sedláčková, Magdaléna  |4 aut  |9 833997 
773 0 |t Zdravie  |g Roč. 49, č. 4 (1993), s. 8-9 
850 |a Slovenská národná knižnica v Martine  |a MTA001 
852 |a SNK  |b KIS3GCP 
958 |a RK 
958 |a ME 
992 |a RBX 
999 |c 2140097  |d 2142027